| 000 | 00420cam a2200181ua 4500 | ||
|---|---|---|---|
| 020 | _cRs 2.00 | ||
| 041 |
_ahin _h |
||
| 082 |
_a891.54 _bMAN/AM |
||
| 100 | _aManashans, . | ||
| 245 |
_aAmarvani / _cManashans. _hTextual Documents |
||
| 250 |
_a1 / _b. |
||
| 260 |
_a : _bHind Pocket book pvt ltd , _c1962. |
||
| 300 | _a136 ; . | ||
| 365 | _aRs 2.00 | ||
| 504 | _a | ||
| 942 | _cBK | ||
| 999 |
_c3595 _d3595 |
||